Study on the impacts of participation in chup pring water user community in kampong ro district, svay rieng province, សិក្សាពីឥទ្ធិពលនៃការចូលរួមរបស់សហគមន៍ប្រើប្រាស់ទឹកជប់ព្រីង ស្រុកកំពង់រោទ៍ ខេត្តស្វាយរៀង (Record no. 6572)

000 -LEADER
fixed length control field 00763nam a22001577a 4500
003 - CONTROL NUMBER IDENTIFIER
control field OSt
005 - DATE AND TIME OF LATEST TRANSACTION
control field 20160208160827.0
008 - FIXED-LENGTH DATA ELEMENTS--GENERAL INFORMATION
fixed length control field 160208b xxu||||| |||| 00| 0 eng d
040 ## - CATALOGING SOURCE
Transcribing agency RUA
082 ## - DEWEY DECIMAL CLASSIFICATION NUMBER
Classification number MGR EM 2004 B376 Or.1
100 ## - MAIN ENTRY--PERSONAL NAME
9 (RLIN) 6985
Personal name EM VICHETH; ឯម វិចិត្រ
245 ## - TITLE STATEMENT
Title Study on the impacts of participation in chup pring water user community in kampong ro district, svay rieng province, សិក្សាពីឥទ្ធិពលនៃការចូលរួមរបស់សហគមន៍ប្រើប្រាស់ទឹកជប់ព្រីង ស្រុកកំពង់រោទ៍ ខេត្តស្វាយរៀង
260 ## - PUBLICATION, DISTRIBUTION, ETC. (IMPRINT)
Place of publication, distribution, etc. Phnom Penh
Name of publisher, distributor, etc. RUA
Date of publication, distribution, etc. 2004
300 ## - PHYSICAL DESCRIPTION
Extent xi ;74p.
Other physical details ill.
Dimensions 29cm.
942 ## - ADDED ENTRY ELEMENTS (KOHA)
Source of classification or shelving scheme
Koha item type MGR
Holdings
Price effective from Date last seen Permanent Location Not for loan Date acquired Source of classification or shelving scheme Koha item type Lost status Withdrawn status Date last checked out Total Checkouts Shelving location Damaged status Barcode Current Location Full call number
2016-02-082016-02-08Library Block B 2016-02-08 MGR    B376 RUA053528Library Block BMGR EM 2004 B376 Or.1
2016-02-082019-02-11Library Block B 2016-02-08 MGR  2019-02-012B376 RUA053493Library Block BMGR EM 2004 B376 Or.2
2016-02-082016-02-08Library Block B 2016-02-08 MGR    B376 RUA055245Library Block BMGR EM 2004 B376 Or.3
2016-02-082016-02-08Library Block B 2016-02-08 MGR    B376 RUA053784Library Block BMGR EM 2004 B376 Or.4
2016-02-082018-04-24Library Block B 2016-02-08 MGR  2018-03-281B376 RUA051103Library Block BMGR EM 2004 B376 Or.5
2016-02-082018-04-06Library Block B 2016-02-08 MGR  2018-03-301B376 RUA052191Library Block BMGR EM 2004 B376 Or.6
2016-02-082018-05-28Library Block B 2016-02-08 MGR  2018-05-161B376 RUA051409Library Block BMGR EM 2004 B376 Or.7
2016-02-082016-02-08Library Block B 2016-02-08 MGR    B376 RUA052068Library Block BMGR EM 2004 B376 Or.8
មជ្ឈមណ្ឌលឯការនៃសាកលវិទ្យាល័យភូមិន្ទកសិកម្មចំការដូង

Powered by Koha